000 00771cam a22002534a 4500
001 11958759
003 OSt
005 20260430081345.0
008 000330s2000 enk b 001 0 eng
010 _a 00037486
020 _a0198296258
040 _c.
082 0 0 _a327.101 JAC
100 1 _aJackson, Robert H.
245 1 4 _aThe global covenant :
_bhuman conduct in a world of states /
_cRobert Jackson.
260 _aNew York :
_bOxford University Press,
_c2000.
300 _axvi, 464 p. ;
_c24 cm.
365 _bRs.1,720
650 0 _aInternational relations.
650 0 _aInternational organization.
650 0 _aWorld politics
_y1989-
856 4 1 _3Table of contents
_uhttp://www.loc.gov/catdir/enhancements/fy0610/00037486-t.html
942 _2ddc
_cBK
999 _c18547
_d18547